Normal view
MARC view
Entry Topical Term
001 - CONTROL NUMBER
- control field: 1421
003 - CONTROL NUMBER IDENTIFIER
- control field: ARRUPE
005 - DATE AND TIME OF LATEST TRANSACTION
- control field: 20130926132839.0
008 - FIXED-LENGTH DATA ELEMENTS
- fixed length control field: 130926|| aca||aabn | a|a d
040 ## - CATALOGING SOURCE
- Original cataloging agency: ARRUPE
- Transcribing agency: ARRUPE
150 ## - HEADING--TOPICAL TERM
- Topical term or geographic name as entry element: Jewish ethics.
670 ## - SOURCE DATA FOUND
- Source citation: Work cat.: (ARRUPE)0: Jacobs, Louis, comp. 1420, Jewish ethics, philosophy and mysticism., [1969]